| 000 | 00810cam a22002417a 4500 | ||
|---|---|---|---|
| 001 | 001656 | ||
| 003 | armpunfd | ||
| 005 | 20150625203739.0 | ||
| 008 | 050607e0####xx#a##########000#0#und#d | ||
| 040 |
_aarmpunfd _carmpunfd |
||
| 080 | _a343.34 + 342.7 C 231. | ||
| 100 | 1 | 0 | _a Carranza, Elias |
| 245 | 1 | 0 | _aSeguridad, proceso penal y derechos humanos en america latina y el caribe. |
| 260 |
_a Chubut : Escuela Superior De Derecho. Universidad Nacional De La Patagonia "" San Juan Bosco _b2004. I.S.B.N: 987-1111-07-X. 153 P. |
||
| 650 | 7 |
_a Corrupcion _2LEMB |
|
| 650 | 7 |
_a Derechos Humanos _2LEMB |
|
| 650 | 7 |
_a Proceso Penal _2LEMB |
|
| 650 | 7 |
_a Seguridad _2LEMB |
|
| 942 |
_cLB _2cdu |
||
| 945 |
_aCatalis _d2010-08-19 |
||
| 945 |
_aCatalis _d2010-08-19 |
||
| 945 |
_aCatalis _d2010-08-19 |
||
| 999 |
_c1647 _d232151 |
||